Advances in protein chemistry

The content of this volume is designed to reach a wide audience, including those involved with relevant technologies such as electrophoresis and mass spectrometry, to those interested in how proteomics can benefit research. A wide range of techniques are discussed, each specifically designed to addr...

Cur síos iomlán

Đã lưu trong:
Sonraí Bibleagrafaíochta
Formáid: Leabhar
Teanga:Undetermined
Foilsithe: San Diego, Calif. Academic 2003
Ábhair:
Clibeanna: Cuir Clib Leis
Gan Chlibeanna, Bí ar an gcéad duine leis an taifead seo a chlibeáil!
Thư viện lưu trữ: Trung tâm Học liệu Trường Đại học Cần Thơ
LEADER 01209nam a2200181Ia 4500
001 CTU_192369
008 210402s9999 xx 000 0 und d
082 |a 547.7 
082 |b A244/Vol.65 
245 0 |a Advances in protein chemistry 
245 0 |c Edited by Richard D. Smith, Timothy D. Veenstra 
260 |a San Diego, Calif. 
260 |b Academic 
260 |c 2003 
520 |a The content of this volume is designed to reach a wide audience, including those involved with relevant technologies such as electrophoresis and mass spectrometry, to those interested in how proteomics can benefit research. A wide range of techniques are discussed, each specifically designed to address different needs in proteomic analysis. The concluding chapter discusses the important issue related to handling large amounts of data accumulated in proteomic studies. It discusses proteomics in the postgenomic age. It includes various strategies for quantitative proteomics. It covers the role of MS in structural functional proteomics and proteomics in drug discovery and bioinformatics. 
650 |a Proteomics,Nghiên cứu protein 
910 |a Hải 
980 |a Trung tâm Học liệu Trường Đại học Cần Thơ